Normal view MARC view
  • Educación

Entry Materia

Number of records used in: 32

001 - NÚMERO DE CONTROL DEL REGISTRO

  • campo de control: 6575

003 - IDENTIFICADOR DE NUMERO DE CONTROL

  • campo de control: DLC

005 - FECHA Y HORA DE LA ÚLTIMA TRANSACCIÓN

  • campo de control: 20250521105343.0

008 - DATOS DE LONGITUD FIJA

  • campo de control de longitud fija: 240913n||acnnnbabn a ana |d

010 ## - NÚMERO DE CONTROL DE LA BIBLIOTECA DEL CONGRESO (LC)

  • LC control number: sh2008102735

035 ## - NÚMERO DE CONTROL DEL SISTEMA

  • Número de control del sistema: UPN10000006577

035 ## - NÚMERO DE CONTROL DEL SISTEMA

  • Número de control del sistema: (DLC)378301

035 ## - NÚMERO DE CONTROL DEL SISTEMA

  • Número de control del sistema: (DLC)sh2008102735

040 ## - FUENTE DE LA CATALOGACIÓN

  • Lengua de catalogación: spa
  • Agencia de transcripción: DLC
  • Centro catalogador de origen: DLC
  • Agencia de modificación: MX-MxUPN

150 ## - ENCABEZAMIENTO - TEMÁTICO

  • Término de materia o nombre geográfico como elemento inicial: Educación
  • Subdivisión geográfica: Países en desarrollo

450 ## - VÉASE - MATERIA

  • Encabezamiento temático: Educación
  • Subdivisión geográfica: Países en vías de desarrollo

670 ## - FUENTE EN LA QUE SE LOCALIZARON DATOS

  • Cita de la fuente: Autoridades LC, 13 septiembre 2024 :
  • Información localizada: (Education - Developing countries)
  • Identificador Uniforme del Recurso: https://lccn.loc.gov/sh2008102735

902 ## - CATALOGADOR

  • Catalogador: MMA/260900
  • Catalogador: MaríaRobles/130924